000 00804nam a22002297i 4500
003 URS
005 20260205103532.0
008 210218b ||||| |||| 00| 0 eng d
020 _a9786214091256
040 _bEnglish
_erda
_cURS
050 1 4 _aP90
_b.N191 2019
100 1 _aNataño, Norberto M.,
_eauthor.
245 1 0 _aJournalism approach to teaching and learning communication in English /
_cNorberto M. Nataño, Eloisa C. Marquez-Bayangos.
264 1 _aMandaluyong City :
_bBooks Atbp.,
_c©2019.
300 _a182 pages ;
_c22 cm.
336 _atext
_btxt
_2rdacontent
337 _aunmediated
_bn
_2rdamedia
338 _avolume
_bnc
_2rdacarrier
650 0 _aEnglish language
_xComposition and exercises
_xStudy and teaching
700 1 _aMarquez-Bayangos, Eloisa C.,
_eauthor .
942 _2lcc
_cF
999 _c57030
_d57030